[Event "Cologne Longerich op 6th"]
[Site "Cologne"]
[Date "2009.08.22"]
[Round "2"]
[White "Conrad, Julian"]
[Black "Kenen, Albert"]
[Result "0-1"]
[WhiteElo "890"]
[BlackElo "1439"]
[PlyCount "94"]
[EventDate "2009.08.21"]
[EventType "swiss"]
[EventRounds "5"]
[EventCountry "GER"]
[SourceTitle "EXT 2012"]
[Source "ChessBase"]
[SourceDate "2011.11.24"]
[SourceVersion "1"]
[SourceVersionDate "2011.11.24"]
[SourceQuality "1"]

1. e4 c5 2. Nf3 Nc6 3. d4 cxd4 4. Nxd4 e5 5. Nxc6 bxc6 6. Bd3 Be7 7. Nc3 d6 8. a3 Nf6 9. h3 h6 10. Be3 0-0 11. Qe2 d5 12. exd5 cxd5 13. Bd2 e4 14. Ba6 Qb6 15. Bxc8 Raxc8 16. Bc1 a6 17. 0-0 Rfd8 18. Kh1 Bc5 19. Na4 Qb5 20. Qxb5 axb5 21. Nc3 b4 22. axb4 Bxb4 23. Bd2 Bxc3 24. bxc3 d4 25. Ra3 d3 26. Rc1 Rc4 27. Kh2 dxc2 28. Rxc2 Nd5 29. Kg3 f5 30. f3 e3 31. Be1 Rd7 32. Kh2 Kf7 33. Rc1 g5 34. Rd1 Ke6 35. Rd4 Rxd4 36. cxd4 Rd6 37. g4 f4 38. Kg2 Rc6 39. Kf1 Nc7 40. Ra5 Rc4 41. Rc5 Rxc5 42. dxc5 Kd5 43. Bb4 Ne6 44. Kg2 Nxc5 45. h4 Nd3 46. Ba5 e2 47. hxg5 hxg5 0-1